Office of Justice Programs oversight : examining the OJP reorganization plan : hearing before the Subcommittee on Youth Violence of the Committee on the Judiciary, United States Senate, One Hundred Sixth Congress, first session ... September 16, 1999.

Bibliographic Details
Corporate Authors: United States. Congress. Senate. Committee on the Judiciary. Subcommittee on Youth Violence, ProQuest (Firm)
Format: Government Document eBook
Language:English
Published: Washington : U.S. G.P.O. : 2000.
Series:U.S. Congressional Hearings.
Subjects:
Online Access:Connect to the full text of this electronic book

MARC

Tag First Indicator Second Indicator Subfields
LEADER 00000cam a22000001a 4500
001 in00003264591
006 m d f
007 cr bn mmmapmmp
008 090922s2000 dcua o f000 0 eng d
005 20260511182449.4
035 |a cis2007473367 
040 |a UMI  |c UMI  |d UtOrBLW 
043 |a n-us--- 
074 |a 1042-A 
074 |a 1042-A (online) 
074 |a 1042-B (MF) 
074 |a 1042-B (online) 
086 0 |a Y 4.J 89/2:S.HRG.106-755 
088 |a Serial no. J-106-47 (United States. Congress. Senate. Committee on the Judiciary) 
099 |a HRG-1999-SJS-0039 
110 1 |a United States.  |b Congress.  |b Senate.  |b Committee on the Judiciary.  |b Subcommittee on Youth Violence. 
245 1 0 |a Office of Justice Programs oversight :  |b examining the OJP reorganization plan : hearing before the Subcommittee on Youth Violence of the Committee on the Judiciary, United States Senate, One Hundred Sixth Congress, first session ... September 16, 1999. 
264 1 |a Washington :  |b U.S. G.P.O. :  |c 2000. 
264 2 |a Washington :  |b [U.S. G.P.O., Supt. of Docs., Congressional Sales Office, distributor], 
300 |a 1 online resource. 
336 |a text  |b txt  |2 rdacontent 
337 |a computer  |b c  |2 rdamedia 
338 |a online resource  |b cr  |2 rdacarrier 
490 1 |a S. hrg. ;  |v 106-755 
500 |a Record is based on bibliographic data in ProQuest Congressional Hearings Digital Collection. Reuse except for individual research requires license from ProQuest, LLC. 
530 |a Also available via Internet from the GPO Access web site. Addresses as of 1/29/01: http://frwebgate.access.gpo.gov/cgi-bin/useftp.cgi?IPaddress=162- .140.64.21&file name=67858.wais&directory=/diskb/wais/data/106 senate hearings (text version), http://frwebgate.access.gpo.gov/cgi-bin/getdoc.cgi?dbname=106 senate hearings&docid=f:67858.pdf (PDF version); current access is available via PURLs. 
538 |a System requirements: PDF reader software. 
500 |a Electronic resource. 
610 1 0 |a United States.  |b Office of Justice Programs  |x Reorganization. 
650 0 |a Federal aid to law enforcement agencies  |z United States. 
655 7 |a Electronic books.  |2 local 
710 2 |a ProQuest (Firm) 
776 0 8 |i Print version:  |a United States. Congress. Senate. Committee on the Judiciary. Subcommittee on Youth Violence.  |t Office of Justice Programs oversight  |w (DLC)2001337373  |w (OCoLC)ocm45711857  |w (GPO)apn2001-004345 
776 0 8 |i Microfiche version:  |a United States. Congress. Senate. Committee on the Judiciary. Subcommittee on Youth Violence.  |t Office of Justice Programs oversight.  |d [Bethesda, Md.] : ProQuest,[2004]  |o CIS 2001 S521-7  |w (ProQuest)cis00102031 
810 1 |a United States.  |b Congress.  |b Senate.  |t S. hrg. ;  |v 106-755. 
830 0 |a U.S. Congressional Hearings. 
856 4 0 |u http://proxy.library.tamu.edu/login?url=https://congressional.proquest.com/congcomp/getdoc?HEARING-ID=HRG-1999-SJS-0039  |z Connect to the full text of this electronic book  |t 0 
998 |a cis00102031 
999 |a MARS 
999 f f |s 4298d6d3-e53f-3354-a919-67a4ce579091  |i 5d395e71-05a6-3281-9bba-b8163c90f1d4  |t 0 
952 f f |a Texas A&M University  |b College Station  |c Electronic Resources  |s www_evans  |d Available Online  |t 0  |e HRG-1999-SJS-0039  |h Other scheme 
998 f f |a HRG-1999-SJS-0039  |t 0  |l Available Online